| 000 | 00646nam a22001697a 4500 | ||
|---|---|---|---|
| 999 |
_c19417 _d19417 |
||
| 003 | AR-CdUCM | ||
| 008 | 190517b ||||| |||| 00| 0 sp d | ||
| 040 |
_aMUNICIPALIDAD PROVINCIAL DEL CUSCO _cBIBLIOTECA MUNICIPAL DEL CUSCO |
||
| 082 |
_a335.8 / _bR477 |
||
| 100 |
_aReuther, Walter P. _940743 |
||
| 245 | _aIdeario de un Sindicalista / | ||
| 260 |
_aBuenos Aires : _bVea y lea, _c1964. |
||
| 300 |
_a349 páginas ; _c23 cm. |
||
| 505 | _a500 aviones por día -- Un programa para la utilización de la industria autromotriz enj la producción en serio de aeroplanos -- Nuestro temor a la abundancia ... | ||
| 942 |
_2ddc _cLIBROS |
||
| 945 | _awfj | ||